00395 2200181 4500001002100000008004100021035002000062245002200082100000800104250000600112260002500118300001100143084001400154082000800168650001300176990001200189990001200201INLIS000000000000694 ind  a0010-0424000670 aDana PensiuncOJK aOJK a1 aJakarta :bOJKc2014 a15 hlm a300 OJK d a300 aNonfiksi a0721863 a0721864